00357nam a2200133 a 4500008004100000020001500041050001600056100001900072245003500091246002100126260004600147300002100193350000900214120416s0000 ||||||||||||||||| || u a0231020953 aTH 2101 Tho aThornley, J. H10aFoundation design and practice aan economic view aNew YorkbColumbia University Pressc1959 axi, 295p. : ill. a0.00